[Event "Carlos Torre Memorial Playoffs"]
[Site "Dresden GER"]
[Date "2008.12.19"]
[Round "8"]
[White "Akobian, Varuzhan"]
[Black "Moiseenko, Alexander"]
[Result "1-0"]
[WhiteElo "2606"]
[BlackElo "2678"]
[Annotator "GM Akobian"]
[PlyCount "113"]
[EventDate "2008.11.13"]

{Kramnik,V: 'Inf 93/449'} 1. d4 Nf6 2. c4 e6 3. Nc3 Bb4 4. Qc2 O-O 5. a3 Bxc3+
6. Qxc3 d6 7. Nf3 Nbd7 8. e3 b6 9. Be2 Bb7 10. O-O Ne4 11. Qc2 f5 12. b4 Rf6
13. d5 Rg6 14. Bb2 $6 (14. Nd4 $1 Qg5 $146 (14... exd5 15. f3 Qg5 16. Bd3 dxc4
17. Bxc4+ d5 18. Bb5 $16) 15. g3 exd5 (15... Nf8 $142 $14) (15... Ne5 $5 16.
Nxe6 Rxe6 17. dxe6 Qg6 18. Qb3 Ng5 19. e4 f4 20. f3 Nxe6 21. Kg2 Kh8 22. Bb2
fxg3 23. hxg3 Nf4+ 24. Kf2 Nh3+ 25. Kg2 Nf4+ 26. Kf2 {1/2-1/2 Drozdovskij,Y 
(2558)-Grischuk,A (2717)/Odessa 2007/CBM 119}) 16. cxd5 Bxd5 17. Bc4 $1 (17.
Qxc7 Ne5 $1 $40 18. f4 Qh4 (18... Qf6) 19. Nxf5 Qh3 20. Ne7+ Kh8 21. Nxg6+ hxg6
22. Qc2 Nxg3 23. Rf2 Rc8 24. Qd2 Nxe2+ 25. Qxe2 Nf3+ 26. Rxf3 Bxf3 27. Qf2 Be4
$19) 17... Bxc4 18. Qxc4+ Kh8 19. Qc6 $1 (19. Qxc7 Ne5 $13) 19... Rd8 (19...
Qd8 20. Nxf5 Ng5 21. f4 $16) 20. Qxc7 Ne5 21. Ra2 $3 (21. Qxa7 $2 Qh5 $40 22.
Qxb6 Rf8 23. Ra2 Ng4 24. Nf3 Ng5 25. Nh4 Nxh2 26. Nxg6+ hxg6 27. f4 Nxf1 $19) (
21. f4 Qxg3+ $1 22. hxg3 Rxg3+ 23. Kh1 Rh3+ $11) 21... Rf8 (21... Qf6 22. f3
Ng5 23. f4 Nh3+ 24. Kg2 Ng4 25. Nxf5 Re8 26. e4 Qe6 27. Re2 $18) (21... Ng4 22.
Nf3 Qf6 23. Bb2 Qf8 24. Nh4 Rg5 25. f4 $18) (21... Rd7 22. Qc8+ Rd8 23. Qxf5
Qxf5 24. Nxf5 Rf6 25. Nd4 $16) (21... Re8 22. f4 Qg4 23. Rg2 Nd3 24. Qxa7 $16
h5 $140 25. Qf7) 22. f4 Qg4 $8 23. Qe7 $1 Rg8 (23... Nd7 24. Rg2 Nef6 25. Qe6
$16) (23... Kg8 $142 24. Rg2 (24. Ne6 Rb8) 24... Nf7 25. Qxa7 d5) 24. Rg2 Nd3 (
24... Nc4 25. Qxa7 (25. Qf7) 25... d5 26. Qf7 Nf6 27. Qe6 $16) 25. Qxa7 h5 (
25... Qh3 26. Qa6 Nxc1 (26... Nxg3 27. Qxd3 $1 $18) 27. Rxc1 Nxg3 28. hxg3 Rxg3
29. Rxg3 Qxg3+ 30. Kf1 Qxe3 31. Ne2 Qf3+ 32. Ke1 $18) 26. Qa6 $1 Nxc1 (26... h4
27. Qxd3 hxg3 28. hxg3 Rh6 29. Nf3 Nxg3 30. Nh2 Qh5 31. Re1 Ne4 32. Ree2 $18)
27. Rxc1 h4 28. Qe2 $16 Qxe2 (28... Ra8 29. Qxg4 fxg4 30. Ra2 hxg3 31. Nf5 Rf6
32. Nxg3 $16) 29. Rxe2 hxg3 (29... Rf8 30. Rec2 $5 hxg3 (30... Kh7 31. Rc8 Rff6
32. Re8 hxg3 33. h3 Rh6 34. Kg2 $16) 31. Rc8 gxh2+ 32. Kxh2 $16) 30. Nxf5 gxh2+
31. Kh1 $1 Rg1+ 32. Rxg1 hxg1=Q+ 33. Kxg1 Ra8 34. Ra2 (34. Ne7 g5 $1) (34. Kg2
$5 Rxa3 35. Kf3 Nf6 36. Nxd6 $16) 34... Nc3 35. Rh2+ Kg8 36. Rg2 Kf7 $1 37.
Nxd6+ Ke6 38. Nc4 (38. Rg6+ Kd5 39. Nf5 b5 40. Rxg7 Rxa3 41. Nd4 Kc4 $132)
38... b5 39. Na5 Kf6 40. Rd2 (40. Kf2 Nb1 41. e4 Nxa3 42. Ke3 Rc8 43. e5+ Kf7)
(40. Rc2 $1 Ne4 41. Kg2 $18) 40... g5 $1 41. Rd3 Ne4 42. fxg5+ (42. Kg2 Kf5 $1
43. Rd5+ (43. fxg5 Rc8 $1 $132) 43... Kg4 $132 44. fxg5 (44. Re5 Rc8 $3) 44...
Rc8 45. g6 Rc2+ 46. Kf1 Kf3 47. Rf5+ Kxe3 48. Kg1 Ng3 49. Rc5 Ne2+ 50. Kf1 Rb2
51. Re5+ Kf3 52. Ke1 Nf4 53. Kd1 Nd3 $11) (42. Rd5 gxf4 43. exf4 Rg8+ 44. Kh2
Rg4 45. Rxb5 Rxf4 $132) 42... Kxg5 43. Kg2 Rf8 44. Rd5+ Kg4 45. Rd4 (45. Re5 $5
) 45... Kf5 (45... Rf2+ 46. Kg1 Kg3 47. Rxe4 Ra2 48. Kf1 Kf3 49. Rf4+ Kxe3 50.
Rf5 Rxa3 51. Rxb5 Ra2 52. Nc6 Rc2 53. Rc5 $18) 46. Nc6 Rg8+ 47. Kf1 Ra8 (47...
Rg3 $142 48. Rd3) 48. Ne7+ Ke5 49. Nc6+ Kf5 50. Ne7+ Ke5 51. Ng6+ Kf5 52. Nh4+
Ke5 53. Nf3+ Kf5 54. Nh4+ Ke5 55. Nf3+ Kf5 56. Rd5+ Kf6 (56... Kg4 57. Kg2 $1
Rxa3 58. Nh2+ Kh4 59. Rd4 $1 Rxe3 60. Nf1 Re2+ (60... Re1 61. Ng3 $18) 61. Kf3
Rf2+ 62. Kxe4 Rxf1 63. Kd5+ Kg5 64. Kc6 $18) 57. Rd3 Rh8 58. Ke2 Ke7 (58... Rh1
59. Rd4 Kf5 60. Rd5+ Kg4 61. Ne5+ Kf5 62. Nc6+ Ke6 63. Rd8 Ra1 64. Nd4+ Ke7 65.
Ra8 $18) 59. Nd4 Rh2+ (59... Rh5 60. Kf3 Nd6 61. Rc3 $18) (59... Nd6 60. Rc3
$18) 60. Kf3 Nd6 61. Rc3 Rh3+ (61... Kd7 62. Rc5 Rh3+ 63. Kf4 Rh4+ 64. Kg3 $18)
62. Kg4 {1-0 Kramnik,V (2753)-Polgar,J (2732)/Sofia 2005/Inf 93/[Kramnik,V]})
14... c5 $5 (14... exd5) 15. bxc5 $2 (15. dxe6 Rxe6 16. Rad1 $11) 15... Ndxc5
16. Rad1 Qe7 17. Bc1 Rf8 18. g3 e5 19. Kh1 Rh6 20. Nd2 Bc8 21. Bf3 Bd7 22. Rde1
Ba4 23. Qb1 Qf7 24. Kg1 Nxd2 $2 (24... Qg6 $1 $17) 25. Bxd2 e4 26. Be2 g5 27.
Bb4 g4 28. Bxc5 dxc5 29. h4 gxh3 30. Kh2 Be8 31. f3 exf3 32. Rxf3 Rf6 33. Ref1
Qg7 34. Bd3 Bd7 35. Qb2 Kh8 36. e4 $1 Rg8 37. exf5 (37. e5 Rg6 38. Rg1 Rg5 $1
$11) 37... Rgf8 38. Rf4 Be8 39. Qf2 Bh5 40. Re1 Bg4 41. Re6 h5 42. Qe3 Kg8 43.
Qe5 Rxe6 44. Qxg7+ Kxg7 45. fxe6 Rxf4 46. gxf4 Kf6 47. Kg3 Ke7 48. a4 Bd1 49.
Kxh3 Bxa4 50. Kh4 Be8 51. Kg5 a5 52. f5 a4 53. f6+ Kd6 54. f7 Ke7 55. d6+ Kf8
56. Kf6 Bxf7 57. exf7 1-0

[Event "Aeroflot Open"]
[Site "Dresden GER"]
[Date "2009.02.25"]
[Round "8"]
[White "Akobian, Varuzhan"]
[Black "Rodshtein, Maxim"]
[Result "1-0"]
[WhiteElo "2619"]
[BlackElo "2650"]
[Annotator "GM Akobian"]
[PlyCount "53"]
[EventDate "2008.11.13"]

1. d4 d5 2. c4 c6 3. Nf3 Nf6 4. Nc3 e6 5. Bg5 h6 6. Bh4 dxc4 7. e4 g5 8. Bg3 b5
9. Ne5 Bb7 10. h4 g4 11. Nxg4 Nxg4 12. Qxg4 Qxd4 13. Rd1 Qf6 14. a4 Bb4 15. e5
Qf5 16. Qd4 O-O 17. Qe3 (17. Be2 $14) 17... Na6 18. Be2 Nc7 19. Qxh6 Rfd8 20.
O-O Bf8 21. Qc1 (21. Rxd8 Rxd8 22. Qe3 $16) 21... a6 22. Bf3 Bg7 23. Rfe1 (23.
Ne4 Bxe5 24. Rxd8+ Rxd8 25. Bg4 $16) 23... Rd5 24. h5 $6 (24. Nxd5 exd5 (24...
Nxd5 25. h5 $18) 25. Qe3 $18) 24... c5 25. h6 Rxd1 26. Bxd1 Bh8 $2 (26... Bf8
27. Bf4 Be7 28. Re3 Kh8 29. Rg3 Rg8 30. Bc2 Qh5 31. Qe3) 27. Bc2 1-0

[Event "Rapid Match"]
[Site "Upper Lake USA"]
[Date "2009.04.22"]
[Round "1"]
[White "Akobian, V."]
[Black "Shulman, Y."]
[Result "1-0"]
[WhiteElo "2612"]
[BlackElo "2632"]
[Annotator "GM Akobian"]
[PlyCount "59"]
[EventDate "2009.04.22"]
[EventType "match (rapid)"]
[EventRounds "6"]
[EventCountry "USA"]
[Source "Mark Crowther"]
[SourceDate "2009.04.27"]

1. d4 Nf6 2. c4 g6 3. Nc3 Bg7 4. Nf3 O-O 5. Bg5 h6 6. Bh4 c5 7. e3 cxd4 8. Nxd4
Nc6 9. Be2 d6 10. O-O Bd7 11. Rc1 Rc8 12. a3 Ne5 13. Qb3 Bc6 14. Rfd1 Qa5 15.
Qa2 $1 Qb6 16. b4 Rfe8 17. Bxf6 $1 exf6 (17... Bxf6 18. f4 Nd7 19. b5 $16) 18.
Nb3 (18. f4 $1 Nd7 19. c5 $1 dxc5 20. Nxc6 Qxc6 21. Bb5 $18) 18... Qc7 19. Qd2
b6 20. Qxd6 Qb7 21. Bf1 Re6 22. Qd2 Bf3 23. Re1 f5 24. c5 Ree8 25. Nd4 Rcd8 26.
Qc2 Be4 27. Nxe4 fxe4 28. c6 Qc8 29. c7 Rd7 30. Bb5 1-0

[Event "ch-USA"]
[Site "Saint Louis USA"]
[Date "2009.05.11"]
[Round "4"]
[White "Akobian, V."]
[Black "Becerra Rivero, J."]
[Result "1-0"]
[WhiteElo "2612"]
[BlackElo "2609"]
[Annotator "GM Akobian"]
[PlyCount "91"]
[EventDate "2009.05.08"]
[EventType "swiss"]
[EventRounds "9"]
[EventCountry "USA"]
[Source "Mark Crowther"]
[SourceDate "2009.05.18"]

1. d4 d5 2. c4 c6 3. Nc3 Nf6 4. e3 e6 5. Nf3 Nbd7 6. Qc2 Bd6 7. Bd3 dxc4 8.
Bxc4 b5 9. Be2 Bb7 10. O-O O-O 11. Rd1 Qc7 12. e4 e5 13. Bg5 exd4 14. Rxd4 b4
15. Rad1 $1 $146 Bc5 16. Rxd7 Nxd7 17. Na4 Bb6 (17... Bd6 18. Qd2 $1 Nb6 $1 (
18... Nc5 19. e5 $1 Be7 (19... Nxa4 20. exd6 Qd7 21. Be7 c5 22. Re1 Nb6 23. Ne5
Qe6 24. Bxf8 Rxf8 25. Bb5 Qxa2 26. Nc6 Bxc6 27. Bxc6 Nc4 28. Qd5 Qxb2 29. d7
Qc3 30. Kf1 g6 31. d8=Q Rxd8 32. Qxd8+ Kg7 33. Qe7 $18) 20. Bxe7 Qxe7 21. Qxb4
$18) 19. Nxb6 axb6 20. Qxd6 Qxd6 21. Rxd6 Rxa2 22. Be3 Rxb2 23. Nd2 h6 (23...
b5 24. Bd1 Ra2 25. Kf1 $14) 24. e5 Ra8 25. f4 $14) (17... h6 18. Bf4 $1 Qxf4
19. Rxd7 Bc8 20. g3 Qb8 (20... Bxf2+ 21. Kxf2 Qb8 22. Rd4 $16) 21. Nxc5 Bxd7
22. Nxd7 $18) 18. Be7 Ne5 (18... c5 19. Bd6 Qc6 20. Bxf8 Nxf8 21. Bc4 Qxe4 (
21... Qf6 $1 22. e5 Qf4 23. Bd5 Bxd5 24. Rxd5 c4 (24... Ne6 25. b3 $14) 25.
Nxb6 axb6 26. Nd2 Rc8 27. g3 Qg4 28. Qa4 Qe6 29. Rd6 Qxe5 30. Qxb4 c3 31. bxc3
Qxc3 32. Qxc3 Rxc3 33. Rxb6 Rc2 34. Ne4 Rxa2 35. Rb7 $11) 22. Bxf7+ Kh8 23.
Qxe4 Bxe4 24. Ng5 Bc2 25. Nxb6 axb6 26. Rd6 h6 27. Nf3 Bb1 28. Bd5 Re8 29. Bc4
Rb8 30. Ne5 b5 31. Bf7 $14) (18... Rfe8 19. Bd6 Qc8 20. Bc4 h6 (20... Ba6 21.
Bxf7+ $1 Kxf7 22. Qb3+ Kf6 (22... Kg6 $2 23. Nh4+ $18) 23. Ng5 $1 Ne5 (23...
Kxg5 24. Qg3+ Kf6 25. Qf4+ Kg6 26. Qf5+ Kh6 27. Bf4+ g5 28. Qxg5#) 24. Bxe5+ (
24. Nxb6) 24... Rxe5 25. Nxb6 axb6 26. Qf7+ Kxg5 27. Qxg7+ Kh5 28. Qxh7+ Kg5
29. Qg7+ Kh4 30. Qh6+ Rh5 31. g3+ Kg4 32. f3+ Kxf3 33. Qf4+ Ke2 34. Rd2+ Ke1
35. Qf2#) 21. Qb3 Kh8 22. Bxf7 Rxe4 23. Bg6 c5 24. Bxe4 Bxe4 25. Ne5 Nxe5 26.
Bxe5 Qe8 27. Qg3 Qe7 28. Rd6 Kh7 29. h4 Bc7 30. Re6 $1 Qf7 31. Nxc5 Bf5 32. Ra6
Bxe5 33. Qxe5 Re8 34. Qf4 Qd5 35. Ra5 Bh3 36. Qf3 Qxf3 37. gxf3 $14) 19. Bd6
Nxf3+ 20. Bxf3 Qc8 21. Bxf8 Qxf8 22. e5 $14 Rd8 $2 (22... Qe7 $1 23. g3 g6 24.
Qc4 $14) 23. Nxb6 $1 axb6 24. g3 Rxd1+ (24... Re8 25. Qf5 g6 26. Qd7 Qe7 27. e6
fxe6 28. Bxc6 Qxd7 29. Bxd7 Re7 30. Rd6 Bd5 31. b3 Kf7 32. Bc6 Bxc6 33. Rxc6
Ra7 34. Rxb6 Rxa2 35. Rxb4 $16) 25. Qxd1 Qe7 26. Qd4 $1 $16 b5 (26... c5 27.
Qd6 $1 Qxd6 28. exd6 Bxf3 (28... Bc8 29. Bc6 Kf8 30. d7 $18) 29. d7 $18) 27.
Qa7 Qc7 28. Qc5 g6 29. Kg2 Kg7 30. h4 h5 31. b3 Ba8 32. e6 $1 fxe6 33. Qxb4 Qa7
34. Qc3+ (34. a4 $142 $1 bxa4 35. Qxa4 $1 (35. bxa4 c5 $14) 35... Qb8 36. Qd4+
e5 37. Qc5 Qxb3 38. Qxe5+ Kh7 39. Qe7+ Kh8 40. Be4 Qg8 41. Qe5+ Qg7 42. Qe8+
Qg8 43. Qxg6 Qxg6 44. Bxg6 c5+ 45. f3 Kg7 46. Bxh5 c4 47. Kf2 $18) 34... Kh7
35. b4 Qxa2 (35... c5 36. Qxc5 Bxf3+ 37. Kxf3 Qa8+ 38. Kf4 e5+ 39. Kxe5 Qxa2
40. Kd6 Qa6+ 41. Kc7 $16) 36. Qf6 (36. Qc5 $1 Qa1 37. Be4 Qg7 38. Qxh5+ Kg8 39.
Qd1 $18) 36... Qa7 37. Be4 (37. Qf8 Qa1 38. Be4 Bb7 39. Qf7+ Qg7 40. Bxg6+ Kh6
41. Qxg7+ Kxg7 42. Bxh5 c5+ 43. Bf3 Bxf3+ 44. Kxf3 c4 45. Ke2 Kf6 46. g4 e5 47.
h5 Kg5 48. Ke3 Kh6 49. f4 exf4+ 50. Kxf4 Kh7 51. g5 Kg7 52. g6 Kf6 53. Ke4 Kg7
54. Kf3 Kf6 55. Kf4 Kg7 56. Kg5 c3 57. h6+ Kg8 58. Kf6 c2 59. h7+ Kh8 60. Kf7
c1=Q 61. g7+ Kxh7 62. g8=Q+ Kh6 63. Qg6#) 37... Qg7 38. Qxe6 Bb7 39. g4 $1 Kh6
40. gxh5 Kxh5 41. f3 $1 Kh6 42. h5 Qb2+ 43. Kg3 Qg7 44. hxg6 Qc7+ 45. f4 Bc8
46. Qf6 1-0

[Event "ch-USA"]
[Site "Saint Louis USA"]
[Date "2009.05.12"]
[Round "5"]
[White "Ehlvest, J."]
[Black "Akobian, V."]
[Result "0-1"]
[WhiteElo "2606"]
[BlackElo "2612"]
[Annotator "GM Akobian"]
[PlyCount "80"]
[EventDate "2009.05.08"]
[EventType "swiss"]
[EventRounds "9"]
[EventCountry "USA"]
[Source "Mark Crowther"]
[SourceDate "2009.05.18"]

1. e4 e6 2. d4 d5 3. Nd2 Nf6 4. Bd3 c5 5. e5 Nfd7 6. c3 Nc6 7. Ngf3 Qb6 8. O-O
cxd4 9. cxd4 Nxd4 10. Nxd4 Qxd4 11. Nf3 Qb6 12. Qa4 Qb4 13. Qc2 Nc5 14. Bd2 (
14. Bxh7 Bd7 15. Bd2 Qc4 $11) 14... Qa4 15. b3 Qd7 16. Nd4 Qd8 17. Rac1 (17. b4
Nxd3 18. Qxd3 Bd7 19. Rac1 Be7 20. Qg3 g6 21. Bh6 Qb6 22. Qf4 g5 23. Qg4 Qxb4
24. Rb1 Qa4 $15) 17... Bd7 18. Be2 Ne4 (18... Be7 19. Be3 O-O 20. b4 Na4 $15)
19. Nb5 $1 Bc5 20. Qxc5 $2 (20. Be3 Bxe3 21. Nc7+ Ke7 22. fxe3 Rc8 23. Bh5 g6
24. Bf3 Bc6 25. Bxe4 Qxc7 26. Qc5+ Ke8 27. Bd3 Qxe5 28. Qxa7 Kf8 29. b4 Kg7 30.
b5 Bd7 $17) 20... Nxc5 21. Nd6+ Ke7 22. Rxc5 f6 23. Rfc1 (23. Bb4 Qb6 24. Rb5
Qa6 25. Nxb7+ Kf7 26. Nd6+ Kg8 27. Rb8+ Rxb8 28. Bxa6 Rxb4 29. Rc1 Kf8 30. Rc7
Ke7 31. f4 g5 32. Bb5 Rd8 33. Bxd7 Rxd7 34. Rc8 fxe5 35. fxe5 Rxd6 36. exd6+
Kxd6 $17) 23... fxe5 24. Nxb7 Qb6 $19 25. Bg5+ Ke8 $1 (25... Kf7 26. Rc7 Rhc8
27. Rxd7+ Kg6 28. Rxc8 Rxc8 29. Be3 Qc6 30. Nc5 Rc7 31. Rxc7 Qxc7 $15) 26. Rc7
Rb8 27. Bb5 Rxb7 28. Bxd7+ Kf7 29. Be8+ (29. Bxe6+ Kxe6 30. R7c6+ Kf5 31. Rxb6
Rxb6 32. Bd2 Ra6 33. Rc2 d4 34. f3 e4 35. g4+ Ke5 36. Rc5+ Ke6 37. fxe4 Rxa2
$19) 29... Kxe8 30. Rc8+ Kf7 31. Rxh8 h6 32. Bh4 Rc7 33. Rf1 (33. Re1 Qb4 $19)
(33. Rd1 Qd4 $19) 33... Rc2 34. Bg3 Qc7 35. h4 d4 36. Kh2 d3 37. f4 Qc6 38.
fxe5+ Kg6 39. Bf2 d2 40. Rd8 Rc1 0-1

[Event "ch-USA"]
[Site "Saint Louis USA"]
[Date "2009.05.16"]
[Round "8"]
[White "Akobian, V."]
[Black "Benjamin, Joe"]
[Result "1-0"]
[WhiteElo "2612"]
[BlackElo "2583"]
[Annotator "GM Akobian"]
[PlyCount "93"]
[EventDate "2009.05.08"]
[EventType "swiss"]
[EventRounds "9"]
[EventCountry "USA"]
[Source "Mark Crowther"]
[SourceDate "2009.05.18"]

1. d4 Nf6 2. c4 e6 3. Nf3 b6 4. g3 Ba6 5. Qc2 Bb4+ 6. Bd2 Be7 7. e4 d5 8. cxd5
Bxf1 9. Kxf1 exd5 10. e5 Ne4 11. Nc3 (11. Kg2 $5 Qd7 12. Nc3 Nxc3 13. Qxc3 $14)
11... Nxc3 12. bxc3 Qd7 13. Kg2 Nc6 14. c4 Nd8 15. cxd5 Qxd5 16. Qxc7 Nc6 $1 (
16... Ne6 17. Qc3 Rd8 18. Be3 O-O 19. Qb3 f6 20. Rac1 fxe5 21. Qxd5 Rxd5 22.
dxe5 $14) 17. Be3 O-O 18. Rhc1 Rac8 19. Qb7 g5 (19... f6 $1 20. Rxc6 Qxc6 (
20... Rxc6 21. Rc1 Rc5 22. Qxe7 Rxc1 23. Bxc1 fxe5 24. Qa3 exd4 25. Qd3 $14)
21. Qxc6 Rxc6 22. d5 Rc4 23. d6 Bd8 24. e6 Re8 25. e7 Bxe7 26. dxe7 Rxe7 27. a4
$14) 20. h3 h5 21. g4 $6 (21. Rxc6 $1 Rxc6 22. Qxe7 g4 23. Qg5+ Rg6 24. Qf5 b5
25. a3 Rd8 26. Rc1 $14) 21... f6 $1 22. Rxc6 Rxc6 23. Rc1 Rc5 $4 (23... Bc5 $1
24. Kg3 h4+ 25. Kh2 Qxf3 26. dxc5 fxe5 27. Qxa7 $44) 24. Qxe7 $18 Rxc1 25. Bxc1
hxg4 26. hxg4 fxe5 27. Qxg5+ Kh7 28. Qe3 exd4 29. Qd3+ Kg8 30. Bb2 $6 (30. Qg6+
Kh8 31. Bf4 Rxf4 32. Qh6+ Kg8 33. Qxf4 $18) 30... Rf7 31. g5 $6 (31. Qg6+ Rg7
32. Qe8+ Kh7 33. Kg3 Qd6+ 34. Qe5 Qxe5+ 35. Nxe5 $18) 31... Rf5 32. Bc1 b5 33.
Kg3 $1 Qd6+ 34. Kg4 Rc5 35. Bf4 Qe6+ 36. Kg3 Rc3 37. Qxd4 Qc6 38. Qd8+ Kh7 39.
Be3 Qc7+ 40. Qxc7+ Rxc7 41. Nd4 b4 42. f4 $1 Rc3 43. Kf3 a5 44. f5 a4 45. g6+
Kg7 46. Ne6+ Kf6 47. Ke4 1-0

[Event "National Open"]
[Site "Las Vegas USA"]
[Date "2009.06.07"]
[Round "6"]
[White "Akobian, V."]
[Black "Fressinet, L."]
[Result "1-0"]
[WhiteElo "2612"]
[BlackElo "2664"]
[Annotator "GM Akobian"]
[PlyCount "82"]
[EventDate "2009.06.05"]
[EventType "swiss"]
[EventRounds "6"]
[EventCountry "USA"]
[Source "Mark Crowther"]
[SourceDate "2009.06.15"]

1. d4 d5 2. c4 e6 3. Nc3 c6 4. e3 Nf6 5. Nf3 Nbd7 6. Qc2 Bd6 7. Bd3 O-O 8. O-O
dxc4 9. Bxc4 b5 10. Be2 Bb7 11. Rd1 Qb8 12. e4 e5 13. dxe5 Nxe5 14. Nd4 Ng6 (
14... Neg4 15. h3 Nxf2 16. Kxf2 b4 17. e5 Bxe5 18. Na4 c5 19. Nf3 $14) (14...
b4 15. Nf5 Bc5 16. Na4 Bxf2+ 17. Kxf2 Neg4+ 18. Bxg4 Nxg4+ 19. Ke1 Qxh2 20. Qe2
Rfd8 21. Bg5 $14) 15. g3 Re8 16. Bg5 Be5 17. Nf5 Re6 (17... Bxc3 18. Qxc3 b4
19. Qxb4 Nxe4 20. Be3 Bc8 21. Ne7+ Nxe7 22. Qxe4 Qxb2 23. Bd4 Qb4 24. Rab1 $13)
18. f4 $1 $16 Bc7 (18... Bxc3 19. Qxc3 b4 20. Qb3 Nxe4 (20... Rxe4 21. Bxf6
gxf6 22. Bf3 Re8 23. Rd7 $18) 21. Rd8+ Qxd8 22. Bxd8 Rxd8 23. Qxb4 $18) 19. Bf3
Bb6+ 20. Kg2 b4 21. Bxf6 (21. Na4 Nxe4 22. Bxe4 Rxe4 23. Qxe4 c5 24. Rd5 Qe8
25. Qxe8+ Rxe8 26. Rad1 $16) 21... Rxf6 22. Na4 c5 23. Rf1 (23. Rd3 $1 $16)
23... Qe8 24. Rad1 Bc6 25. b3 Rd8 26. Rxd8 Qxd8 27. e5 Bxf3+ 28. Rxf3 Re6 29.
Qe4 Qe8 30. Qd5 $6 (30. Nb2 Ne7 31. Nxe7+ Rxe7 32. Rd3 h6 33. Nc4 $16) (30. Rd3
Nxe5 31. fxe5 Rxe5 32. Qg4 Qc6+ 33. Qf3 Re2+ 34. Kh3 Qxf3 35. Rxf3 $16) 30...
Ne7 31. Nxe7+ Qxe7 $6 (31... Rxe7 32. Rd3 c4 33. Qxc4 Rc7 34. Qd5 Rc2+ 35. Kf1
$16) 32. Nb2 g6 33. Nc4 Bc7 34. Qa8+ Qe8 35. Qxe8+ Rxe8 36. Rd3 Re6 37. Rd7 Rc6
38. Kf3 Kf8 39. Ke4 Ke8 40. Rd2 h5 41. h3 f6 (41... f6 42. Kd5 Kd7 43. exf6
Rxf6 44. Kxc5+ Ke7 45. h4 a5 46. Kb5 $18) 1-0

[Event "World Open"]
[Site "?"]
[Date "2009.07.04"]
[Round "7"]
[White "Akobian, Varuzhan"]
[Black "De Firmian, Nick E"]
[Result "1-0"]
[WhiteElo "2626"]
[BlackElo "2570"]
[Annotator "GM Akobian"]
[PlyCount "93"]
[EventDate "2009.07.03"]

1. d4 Nf6 2. c4 e6 3. Nf3 c5 4. d5 exd5 5. cxd5 d6 6. Nc3 a6 7. a4 g6 8. g3 Bg7
9. Bg2 O-O 10. O-O Nbd7 11. Bf4 Qc7 12. Qd2 Ng4 (12... Re8 $142 13. Bh6 Rb8 (
13... Bh8 14. h3 $14) 14. Bxg7 Kxg7 15. Rab1 $11) 13. Ne4 $5 Nde5 14. Nxe5 Nxe5
15. Bh6 Bf5 (15... Bxh6 16. Qxh6 Qe7 17. h3 $14) 16. Bxg7 Kxg7 17. Nc3 (17. Ng5
h6 18. f4 Nd7 19. e4 Bg4 20. Nh3 Bxh3 21. Bxh3 Rfe8 22. Qc3+ Kg8 23. e5 $1 $14)
17... Qd7 18. b3 $5 (18. e4 $142 Bh3 19. f4 Bxg2 20. Kxg2 Nc4 (20... Ng4 21. e5
dxe5 22. h3 Nh6 23. fxe5 Nf5 24. Qf4 $16) 21. Qd3 Nxb2 $4 (21... Na5 22. e5 $14
) 22. Qe2 $18) 18... Bh3 19. f4 Bxg2 20. Kxg2 Ng4 21. e4 Rae8 22. Rae1 f6 23.
a5 $1 Rf7 24. h3 $1 Nh6 25. Re3 Rfe7 26. Rfe1 Nf7 27. Na4 $16 f5 $2 (27... Qc7
$142 28. Nb6 Qd8 29. Qc3 Qc7 30. b4 cxb4 31. Qxb4 $18) 28. Nb6 Qc7 29. Qc3+ Kg8
30. exf5 gxf5 31. Kf2 (31. Kf3 $142 Rxe3+ 32. Rxe3 Kf8 33. Re6 Rxe6 34. dxe6
Qc6+ 35. Kf2 Qh1 36. Nd7+ Ke8 37. exf7+ Kxf7 38. Qf6+ Ke8 39. Qxf5 $18) 31...
Re4 32. Rxe4 (32. Qf6 Rxe3 33. Rxe3 Rxe3 34. Kxe3 c4 35. Nxc4 Qc5+ 36. Qd4 Qb4
37. Qd1 $18) 32... fxe4 33. Qf6 $1 $18 c4 34. Nxc4 Qc5+ 35. Ne3 Rc8 36. Re2 (
36. Qe6 $18) 36... Qc3 (36... Qxa5 37. Qe6 Qd8 38. Nf5 Kf8 39. Qxe4 Qf6 40. g4
h6 41. Kg2 b5 42. Qe6 $18) 37. Qxc3 Rxc3 38. Rb2 (38. Nf5 Rf3+ 39. Kg2 Rxb3 40.
Rxe4 Kf8 41. Rc4 Ke8 42. Rc7 Rb5 43. Re7+ Kf8 44. Rxf7+ Kxf7 45. Nxd6+ Ke7 46.
Nxb5 axb5 47. Kf3 $18) 38... h5 39. b4 Rc1 40. Rc2 Rb1 41. Rc4 Rb2+ 42. Ke1 h4
43. g4 Rh2 44. Rxe4 Rxh3 45. g5 Rh1+ 46. Kf2 h3 47. Nf5 1-0

[Event "Montreal"]
[Site "?"]
[Date "2009.09.02"]
[Round "6"]
[White "Akobian, Varuzhan"]
[Black "Naiditsch, Arkadij"]
[Result "1-0"]
[WhiteElo "2626"]
[BlackElo "2697"]
[Annotator "GM Akobian"]
[PlyCount "45"]

1. d4 Nf6 2. c4 e6 3. Nf3 d5 4. cxd5 $5 exd5 5. Nc3 c6 6. Qc2 Be7 7. Bg5 O-O 8.
e3 Ne4 (8... Ne8) 9. Bf4 f5 10. Bd3 Nd7 11. h3 g6 (11... Ndf6 12. O-O $14) 12.
g4 g5 (12... Ndf6 13. Ne5 $14) 13. Bh2 (13. Bg3 $1 $14 Ndf6) 13... fxg4 14.
Nxe4 Rxf3 (14... dxe4 15. Bc4+ Kg7 16. hxg4 Rxf3 17. Qxe4 Rh3 18. Be5+ Nxe5 19.
Rxh3 Ng6 20. O-O-O $16) 15. Nd6 $1 Nf8 (15... Bxd6 16. Bxh7+ Kh8 17. Bxd6 $16
gxh3 18. Qg6 Nf6 19. Be5 Qa5+ 20. Kf1 Bg4 21. Bxf6+ Rxf6 22. Qxf6+ Kxh7 23.
Qxg5 Qa6+ 24. Kg1 Qe2 25. Qh4+ Kg8 26. Kh2 Kf7 27. Rae1 Qf3 28. Rhg1 Bf5 29.
Rg5 $18) (15... Nf6 16. Bxh7+ Kf8 17. Nxc8 Qxc8 18. hxg4 Bb4+ 19. Kf1 Nxg4 20.
Qg6 Rxf2+ 21. Kg1 $16) 16. Bxh7+ $1 Kg7 (16... Nxh7 17. Qg6+ Kf8 (17... Kh8 18.
Be5+ Rf6 19. Nf7#) 18. Be5 Rf6 19. Bxf6 Qxd6 20. Bxe7+ Qxe7 21. hxg4 $18) 17.
Be5+ Bf6 18. hxg4 Bxg4 19. Bf5 Bxe5 20. dxe5 Qa5+ 21. Kf1 Bxf5 (21... Qb4 22.
a3 $1 $18) 22. Nxf5+ Kf7 (22... Kg8 23. Nh6+ Kg7 24. Kg2 g4 25. Rh4 $1 $18) 23.
Nd4 $1 1-0

[Event "Spice Cup"]
[Site "?"]
[Date "2009.09.28"]
[Round "9"]
[White "Akobian, Varuzhan"]
[Black "Hammer, Jon Ludvig"]
[Result "1-0"]
[WhiteElo "2636"]
[BlackElo "2585"]
[Annotator "GM Akobian and Yura"]
[PlyCount "75"]

1. d4 Nf6 2. c4 g6 3. Nc3 d5 4. Bg5 Ne4 (4... Bg7 5. Bxf6 Bxf6 6. cxd5 c6 7.
Rc1 O-O 8. dxc6 Bxd4 (8... Qxd4 9. Qxd4 Bxd4 10. cxb7 Bxb7 11. e3 Bg7 12. Nf3
Nd7 13. Be2 Rab8 14. Rc2 (14. O-O Bxf3 15. Bxf3 Rxb2 16. Nd5 e6 17. Ne7+ Kh8
18. Rc7 Ne5 19. Rxa7 Nxf3+ 20. gxf3 Bf6 21. Nc6 Kg7 $11) 14... Bxf3 15. Bxf3
Rxb2) 9. c7 Bxc3+ 10. Rxc3 Qxd1+ 11. Kxd1 Nc6 12. Nf3 $14) 5. Bh4 Nxc3 6. bxc3
dxc4 7. Qa4+ Qd7 8. Qxc4 b6 9. Bg3 c5 10. Be5 Ba6 11. Qb3 f6 12. Bxb8 Rxb8 13.
Nf3 e6 (13... c4 14. Qb1 (14. Qc2 Bb7 15. h4 $13) 14... b5 15. a4 b4 16. cxb4
e5 17. b5 exd4 18. g3 Bb7 19. Bg2 Bc5 20. O-O O-O 21. Qa2 Qf7 22. Nd2 c3 23.
Qxf7+ Kxf7 24. Nb3 Rfc8 25. Rfd1 Bxg2 26. Kxg2 a6 27. Nxc5 Rxc5 28. Rxd4 axb5
29. axb5 c2 30. Rc1 Rbxb5 31. Rd2 $11) (13... cxd4 14. cxd4 e6 15. e4 Bxf1 16.
Kxf1 a5 17. g3 (17. h4 a4 18. Qd3 $14) 17... a4 18. Qe3 Bg7 19. h4 h6 20. Kg2
O-O 21. Rhd1 b5 22. Rab1 b4 23. d5 e5 24. h5 g5 25. Rdc1 f5 26. Nh2 Rfd8 27.
Rc4 Bf8 28. Nf1 Rdc8 29. Qc1 f4 30. Nh2 Bd6 31. Rc6 Rxc6 32. dxc6 Qe6 33. Qc2
Ra8 34. c7 Rc8 35. Qxa4 Rxc7 36. Rd1 Bc5 37. Qa5 Bb6 38. Qxb4 fxg3 39. Rd8+ Kh7
40. Qf8 $18 {Wang Yue -Timofeev}) 14. e4 Bxf1 15. Kxf1 cxd4 16. cxd4 Bd6 17. g3
O-O 18. Kg2 a5 19. h4 a4 20. Qd3 b5 21. d5 Be5 22. Rad1 exd5 23. h5 Qb7 (23...
d4 24. hxg6 hxg6 25. Qd2 Rbe8 26. Nh4 Kf7 27. f4 Bb8 28. Nxg6 Rg8 (28... Kxg6
$2 29. f5+ Kf7 30. Rh7+ $18) 29. f5 Qd6 30. Qd3 Rc8 31. Rh7+ Rg7 32. Rh6 Rc3
33. e5 $1 fxe5 34. Qe4 $18) 24. exd5 g5 25. Rhe1 Qf7 26. Rd2 (26. Nxe5 fxe5 27.
Rd2 $16) 26... Qxh5 27. Nxe5 fxe5 28. Rxe5 $6 (28. d6 Qg6 29. Qd5+ Qf7 30. Qxe5
Qf3+ 31. Kg1 Qf5 32. Qd4 $18) 28... Rbc8 $1 29. f4 $1 h6 30. Re7 Rf7 31. Rxf7
Qxf7 32. Qxb5 $1 $18 gxf4 33. Qxa4 $1 f3+ (33... Rf8 34. Qxf4 Qxf4 35. gxf4
Rxf4 36. d6 Rf8 37. d7 Rd8 38. a4 Kf7 39. a5 Ke7 40. a6 Ra8 41. d8=Q+ Rxd8 42.
Rxd8 Kxd8 43. a7 $18) 34. Kf2 Rc3 35. Qg4+ Kh7 36. Qe4+ Kg8 37. d6 Qd7 38. Qg6+
1-0